000 00744nam a2200241Ia 4500
008
020 _a0340596856 (pbk.)
049 _aMAIN
090 _aP91.3
_bREA
245 0 0 _aResearching communications :
_ba practical guide to methods in media and cultural analysis /
_cDavid Deacon ... [et al.]
260 _aNew York :
_bHodder Arnold ,
_c1999.
300 _ax, 427 p. :
_bill. ;
_c25 cm.
500 _aIncludes index.
504 _aIncludes bibliographical references.
650 0 _aCommunication.
650 0 _aMass media.
700 1 _aDeacon, David.
907 _a.b10197266
_b30-07-10
_c29-03-06
003
005 20230123124925.0
040 _cNUST
942 _cBOOKS
_kP91.3
_mREA
999 _c132635
_d132635